Women and men at work

Αποθηκεύτηκε σε:
Λεπτομέρειες βιβλιογραφικής εγγραφής
Κύριος συγγραφέας: Reskin, Barbara F.
Άλλοι συγγραφείς: Padavic, Irene
Μορφή: Βιβλίο
Γλώσσα:English
Δημοσίευση: Thousand Oaks : Pine Forge Press, 1994
Σειρά:Sociology for a new century
Θέματα:
Ετικέτες: Προσθήκη ετικέτας
Δεν υπάρχουν, Καταχωρήστε ετικέτα πρώτοι!

MARC

LEADER 00000nam a2200000 i 4500
001 1/78685
008 980209s1994 eng d
020 |a 0-8039-9022-7 
035 |a 1997  |b 3  |c Αγορά/Βιτσιλάκη  |l 10032988 
040 |a GR-MY-UA  |b gre  |e aacr 
041 0 |a eng 
082 0 |a 331.1330973 
100 1 |a Reskin, Barbara F. 
245 1 0 |a Women and men at work /  |c Barbara F. Reskin, Irene Padavic 
260 |a Thousand Oaks :   |b Pine Forge Press,   |c 1994 
300 |a 218 p. 
490 1 |a Sociology for a new century 
650 0 0 |a Sex discrimination in employment  |z United States. 
650 0 0 |a Women  |x Employment  |z United States. 
650 0 0 |a Men  |x Employment  |z United States. 
700 1 |a Padavic, Irene. 
830 0 |a Sociology for a new century 
852 |a INST  |b RHODES  |e 19980209  |h 331.1330973 RES  |p 005400011310  |q 005400011310  |t BK  |y 0 
901 |a BIBL-1998-1 
909 |a Ρ  |b 052730  |c 1997